000 00538nam a2200217Ia 4500
003 OSt
005 20220928144454.0
006 a|||||r|||| 00| 0
007 ta
008 220927b |||||||| |||| 00| 0 eng d
024 _a71017
037 _cTextual
040 _aSDCL
_cSDCL
_beng
041 _2eng
_aeng
082 _aG:55, N9
100 _aAbbasi S A
_9507776
245 0 _aHot topics
_b Everyday environmental concerns.
260 _c1999
942 _hG:55, N9
_cTEXL
_2CC
999 _c827300
_d827300